[Event "FRA-chT U20 Top"]
[Site "Bischwiller"]
[Date "2016.05.14"]
[Round "1"]
[White "Maret, Simon"]
[Black "Ge, Arthur"]
[Result "1-0"]
[WhiteElo "1173"]
[BlackElo "1247"]
[PlyCount "59"]
[EventDate "2016.05.14"]
[EventType "tourn"]
[EventRounds "11"]
[EventCountry "FRA"]
[SourceTitle "EXT 2019"]
[Source "ChessBase"]
[SourceDate "2018.10.10"]
[SourceVersion "1"]
[SourceVersionDate "2018.10.10"]
[SourceQuality "1"]

1. e4 c5 2. Nc3 Nc6 3. f4 g6 4. Nf3 Bg7 5. Bb5 a6 6. Bxc6 bxc6 7. 0-0 e6 8. d3 Ne7 9. e5 0-0 10. Ne4 Nf5 11. Nxc5 Qb6 12. d4 d6 13. Ne4 d5 14. Nf6+ Kh8 15. c3 c5 16. Kh1 cxd4 17. cxd4 Bxf6 18. exf6 Qd8 19. g4 Nd6 20. g5 Ne4 21. Qe1 Bb7 22. Qh4 Rc8 23. Ne5 Qc7 24. Qh6 Rg8 25. Rf3 Ba8 26. Be3 Qb7 27. Rh3 Nxf6 28. gxf6 Rc1+ 29. Rxc1 a5 30. Qxh7# 1-0